| 000 | 01138cam a22003012 4500 | ||
|---|---|---|---|
| 001 | 611 | ||
| 003 | BD-RjUL | ||
| 005 | 20211208233215.0 | ||
| 008 | 750626s1964 nyua b 000 0 eng | ||
| 035 |
_a(BD-RjUL)629 _aOCLC ocm01413707 from D971028M |
||
| 040 |
_aDLC _cTOL _dOCL _dSER _dUKM _dEQO _dBD-RjUL _beng |
||
| 041 | _aeng | ||
| 082 |
_a026.5 _bSTS 1964 |
||
| 100 | 1 |
_aStrauss, Lucille J. _q(Lucille Jackson), _d1908-1994 _91866 |
|
| 245 | 1 | 0 |
_aScientific and technical libraries : _btheir organization and administration / _c[by] Lucille J. Strauss, Irene M. Strieby [and] Alberta L. Brown. |
| 260 |
_aNew York : _bInterscience Publishers, _c1964. |
||
| 300 |
_axi, 398 p. : _billus. _c24 cm. |
||
| 490 | 1 |
_aLibrary science and documentation ; _vv. 4 |
|
| 504 | _aIncludes bibliographies. | ||
| 650 | 0 |
_aAeronautical libraries. _91867 |
|
| 650 | 0 |
_aAeronautical libraries. _91868 |
|
| 830 | 0 |
_vv. 4 _94987 |
|
| 710 | 2 |
_aSpecial Libraries Association. _bScience-Technology Division. _tTechnical libraries. _91870 |
|
| 830 | 0 |
_aLibrary science and documentation ; _91871 |
|
| 942 |
_2ddc _cBK |
||
| 999 |
_c611 _d611 |
||